Comments on the re-examination of al-Rānīrī's Ḥujjatuʾl-Ṣiddīq (Record no. 721)
[ view plain ]
| 000 -LEADER | |
|---|---|
| fixed length control field | nam a22 a 4500 |
| 005 - DATE AND TIME OF LATEST TRANSACTION | |
| control field | 20170505084341.0 |
| 008 - FIXED-LENGTH DATA ELEMENTS--GENERAL INFORMATION | |
| fixed length control field | 170505s1975 my ||||| |||| 00| 0 eng d |
| 040 ## - CATALOGING SOURCE | |
| Original cataloging agency | AKMAL |
| 082 ## - DEWEY DECIMAL CLASSIFICATION NUMBER | |
| Classification number | 297 ATT |
| 090 ## - LOCALLY ASSIGNED LC-TYPE CALL NUMBER (OCLC); LOCAL CALL NUMBER (RLIN) | |
| Classification number (OCLC) (R) ; Classification number, CALL (RLIN) (NR) | 297 |
| Local cutter number (OCLC) ; Book number/undivided call number, CALL (RLIN) | ATT |
| 100 ## - MAIN ENTRY--PERSONAL NAME | |
| Personal name | Naguib al-Attas |
| Dates associated with a name | 1931- |
| 9 (RLIN) | 1550 |
| 245 10 - TITLE STATEMENT | |
| Title | Comments on the re-examination of al-Rānīrī's Ḥujjatuʾl-Ṣiddīq |
| Remainder of title | a refutation. |
| 260 ## - PUBLICATION, DISTRIBUTION, ETC. | |
| Place of publication, distribution, etc. | Kuala Lumpur |
| Name of publisher, distributor, etc. | Muzium Negara |
| Date of publication, distribution, etc. | 1975. |
| 300 ## - PHYSICAL DESCRIPTION | |
| Extent | 123p. |
| Dimensions | cm |
| 599 ## - LOCAL NOTE | |
| Local Note | DALAM PROSES |
| 600 04 - SUBJECT ADDED ENTRY--PERSONAL NAME | |
| Personal name | Nuruddin ar-Raniri |
| Title of a work | Ḥujjat al-Ṣiddīq. |
| 9 (RLIN) | 1551 |
| 852 ## - LOCATION | |
| Location | British Library |
| Sublocation or collection | OC |
| 942 ## - ADDED ENTRY ELEMENTS (KOHA) | |
| Source of classification or shelving scheme | |
| Koha item type | Book |
| Withdrawn status | Lost status | Source of classification or shelving scheme | Damaged status | Not for loan | Collection code | Home library | Current library | Shelving location | Date acquired | Inventory number | Total Checkouts | Full call number | Barcode | Date last seen | Price effective from | Koha item type |
|---|---|---|---|---|---|---|---|---|---|---|---|---|---|---|---|---|
| NON-FICTION | AKMAL Melaka | AKMAL Melaka | PINJAMAN | 05.05.2017 | 00581 | 297 ATT | 201701709 | 05.05.2017 | 05.05.2017 | Book |
